Obálka Náhled e-knihy:
PDF Epub
Pro půjčování e-knih musíte být přihlášeni.
Jak si půjčit online?

Na kopci /

Detektivní příběh s mystickou zápletkou. Student-novinář a bývalá policistka se snaží rozluštit tajemství andělského zjevení na Šumavě.

Uloženo v:
Hlavní autor: Březina, Jiří, 1980- (Autor)
Médium: E-kniha
Jazyk:Czech
Vydáno: V Praze : Motto, 2023
Vydání:2. vydání
Témata:
Tagy:
Žádné tagy
LEADER 02533nam a2200409 i 4500
001 312084
003 CZ PrSKC
005 20260601215716.0
007 ta
008 230907s2023 xr g 000 f cze
015 |a cnb003546183 
020 |a 9788026725091  |q (vázáno) :  |c Kč 399,00 
035 |a (OCoLC)1402156243 
040 |a ABG001  |b cze  |d ABA001  |e rda 
072 7 |a 821.162.3-3  |x Česká próza  |2 Konspekt 
080 |a 821.162.3-31  |2 MRF 
080 |a (0:82-312.4)  |2 MRF 
100 1 |a Březina, Jiří,  |d 1980-  |7 xx0114321  |4 aut 
245 1 0 |a Na kopci /  |c Jiří Březina 
250 |a 2. vydání 
264 1 |a V Praze :  |b Motto,  |c 2023 
300 |a 344 stran ;  |c 22 cm 
336 |a text  |b txt  |2 rdacontent 
337 |a bez média  |b n  |2 rdamedia 
338 |a svazek  |b nc  |2 rdacarrier 
500 |a Autorsky upravené vydání debutu z roku 2013 
520 2 |a Detektivní příběh s mystickou zápletkou. Student-novinář a bývalá policistka se snaží rozluštit tajemství andělského zjevení na Šumavě.  |b V šumavské vesnici Výtoň se roku 2000 stal zázrak. Malému děvčátku Marii se zjevil anděl. Od té doby se zde každoročně scházejí věřící a vystupují na kopec, kde se stal zázrak, ke společné modlitbě. Marie zprvu konala pouť s nimi, promlouvala jako vizionářka. Nakonec zmizela do Prahy a odmítá se vracet zpět. Výtoň však stále funguje jako poutní místo. I proto se student a budoucí novinář Milan rozhodne napsat o tomto místě a zázračném zjevení diplomovou práci. Během bádání však objevuje nesrovnalosti, výtoňské zjevení se něčím odlišuje od jiných. Setkání s bývalou policistkou Helenou, přestěhovanou do Výtoně, vyvolá zvrat v Milanově bádání. Bylo setkání Marie s andělem opravdu zázrakem, anebo jde o promlčený zločin? 
655 7 |a české romány  |7 fd133974  |2 czenas 
655 7 |a detektivní romány  |7 fd132010  |2 czenas 
655 9 |a Czech fiction  |2 eczenas 
655 9 |a detective novels  |2 eczenas 
900 |a ABA001  |b 19 
928 9 |a Albatros Media - Motto 
044 |a xr 
910 |a RBIT002 
998 |d 386222  |a https://core.palmknihy.cz/api/books/386222/cover?se2gtz  |b https://core.palmknihy.cz/api/books/386222/cover/400?se2gtz  |c https://core.palmknihy.cz/api/books/386222/cover/50?se2gtz  |e 2033-12-31  |g 352  |i 9788026725091  |j https://core.palmknihy.cz/api/books/386222/preview.epub  |k https://core.palmknihy.cz/api/books/386222/preview.pdf  |l   |q 49  |r 1  |s https://www.palmknihy.cz/kniha/386222  |t ebook  |y 2023  |z 0 
999 |d 312082